Jeux vidéo les plus vendus par année - Statistiques

Statistiques générales
  • Ce quiz a été pris 724 fois
    495 depuis la dernière actualisation
  • Le résultat moyen est 6 sur 44
Statistiques - réponses
Année Jeu % Correct
2011 Minecraft
73%
2013 Gran Theft Auto V
71%
1984 Tetris
49%
1985 Super Mario Bros.
38%
2004 Gran Theft Auto San Andreas
32%
1982 Pac-Man
27%
1996 Pokémon Rouge et Bleu
27%
2010 Call of Duty : Black Ops
26%
2018 Red Dead Redemption II
25%
2019 Call of Duty : Modern Warfare
18%
1999 Pokémon or et Argent
16%
2002 Pokemon Rubis et Saphir
16%
2014 Mario Kart 8 Deluxe
14%
2006 Wii Sports
14%
2008 Mario Kart Wii
13%
1997 Super Mario 64
12%
2015 The Witcher 3 : Wild Hunt
11%
1998 Pokemon Jaune
10%
2000 Les Sims
9%
2017 PlayerUnknown's Battlegrounds
9%
2022 Pokémon Ecarlate et Violet
8%
2020 Animal Crossing : New Horizons
7%
2023 Hogwarts Legacy
6%
1991 Sonic the hedgehog
6%
1990 Super Mario World
6%
2009 Wii Sports Resort
5%
2012 Diablo III
3%
1994 Donkey Kong Country
3%
2005 Nintendogs
3%
1989 Super Mario Land
3%
2007 Wii Fit
3%
1987 Duck Hunt
2%
2024 Palworld
2%
1992 Super Mario Land 2: 6 Golden Coins
2%
1988 Zelda II : the Adventure of Link
2%
2001 Gran Turismo : 3 A-spec
1%
2003 Need for Speed : Underground
1%
2021 Pokémon Diamant Etincelant et Perle Scintillante
1%
1986 Alex Kidd in Miracle World
0%
1981 Asteroids
0%
1995 Donkey Kong Country 2 : Diddy's Kong Quest
0%
2016 Human Fall Flat
0%
1980 Missile Command
0%
1993 Super Mario All-Stars
0%
Aucun quiz correspondant
Distribution des résultats
% des personnes avec chaque résultat
Percentile par nombre de réponses
Votre historique - résultats
Vous n’avez pas pris ce quiz depuis la dernière actualisation